සංස්කෘතිය, සමාජය හා පරිසරය (Record no. 4463)

MARC details
000 -LEADER
fixed length control field 00686nam a2200193 4500
003 - CONTROL NUMBER IDENTIFIER
control field LK-CoMWRAF
005 - DATE AND TIME OF LATEST TRANSACTION
control field 20231214191124.0
008 - FIXED-LENGTH DATA ELEMENTS--GENERAL INFORMATION
fixed length control field 231214b |||||||| |||| 00| 0 eng d
020 ## - INTERNATIONAL STANDARD BOOK NUMBER
International Standard Book Number 9559374605
040 ## - CATALOGING SOURCE
Original cataloging agency LK-CoMWRAF
Modifying agency LK-CoMWRAF
Description conventions LK-CoMWRAF
041 ## - LANGUAGE CODE
Language code of text/sound track or separate title Sinhala; Sinhalese
082 ## - DEWEY DECIMAL CLASSIFICATION NUMBER
Classification number 780
Item number AMU
942 ## - ADDED ENTRY ELEMENTS (KOHA)
Koha item type Books
100 ## - MAIN ENTRY--PERSONAL NAME
Personal name අමුණුගම, සරත්
245 ## - TITLE STATEMENT
Title සංස්කෘතිය, සමාජය හා පරිසරය
246 ## - VARYING FORM OF TITLE
Title proper/short title Sanskruthiya, samajaya ha parisaraya
260 ## - PUBLICATION, DISTRIBUTION, ETC. (IMPRINT)
Place of publication, distribution, etc. කොළඹ :
Name of publisher, distributor, etc. සදීපා පොත්හල,
Date of publication, distribution, etc. 1977
650 ## - SUBJECT ADDED ENTRY--TOPICAL TERM
Topical term or geographic name as entry element සංස්කෘතිය, සමාජය හා පරිසරය--ශ්‍රී ලංකාව
Holdings
Withdrawn status Lost status Damaged status Not for loan Permanent Location Current Location Date acquired Full call number Barcode Koha item type
        Resource center, Muslim Women's Research And Action Forum Resource center, Muslim Women's Research And Action Forum 2023-12-14 780 AMU RAF4854 Books

Copyright © 2023 Muslim Women's Research and Action Forum (MWRAF), No 27/3, Anderson Road, Kalubowila, Dehiwela. Funded by The Asia Fundation